Pri prameňoch slovenskej obrodeneckej literatúry

Bibliographic Details
Main Author: Brtáň, Rudo, 1907-1998 (Author)
Other Authors: Otrísal, Ľudovít (Bookjacket designer), Pišút, Milan, 1908-1984 (Reviewer), Marták, Ján, 1903-1982 (Reviewer)
Format: Book
Language:Slovak
PhysicalDescription:425 s. 21 cm
Published: Bratislava SAV 1970
Edition:1. vyd.
Subjects:

MARC

LEADER 00000nam a2200000 a 4500
001 vtls008310965
003 SK-MaSNL
005 20260302051541.0
008 190102s1970 xo e n 001 e slo
015 |a SKSNBA1970/01-00209 
035 |a SK01SNK19700003182 
035 |a SKM000005645 
040 |a SNK  |b slo  |c SNK  |e AACR2 
041 0 |a slo 
044 |a xo  |c SK 
072 7 |a 821.162.4.09  |x Slovenská literatúra (o nej)  |2 konspekt 
080 |a 821.162.4-1  |2 2011 
080 |a (048.8)  |2 2011 
080 |a 821.162.4(091)  |2 2011 
080 |a 82-1/-9  |2 2011 
100 1 |a Brtáň, Rudo,  |d 1907-1998  |4 aut  |9 105140 
245 1 0 |a Pri prameňoch slovenskej obrodeneckej literatúry  |c Rudo Brtáň 
250 |a 1. vyd. 
260 |a Bratislava  |b SAV  |c 1970  |e Bratislava  |f Svornosť 
300 |a 425 s.  |c 21 cm 
366 |e 500 výtl. 
500 |a Pozn. 
504 |a Bibliogr. odkazy ; reg. 
648 7 |a 1770-1820  |2 SNKPH  |9 707335 
650 0 7 |a slovenská poézia  |2 SNKPH  |9 215422 
650 0 7 |a umelecká literatúra  |2 SNKPH  |9 1488 
650 0 7 |a dejiny slovenskej literatúry  |2 SNKPH  |9 276787 
650 0 7 |a Slovak poetry  |2 SNKPHeng  |9 309303 
650 0 7 |a Belles-lettres  |2 SNKPHeng  |9 303507 
655 7 |a Studies  |2 SNKPHeng  |9 265573 
655 7 |a štúdie  |2 SNKPH  |9 57033 
700 1 |a Otrísal, Ľudovít  |4 bjd  |9 707336 
700 1 |a Pišút, Milan,  |d 1908-1984  |4 rev  |9 106532 
700 1 |a Marták, Ján,  |d 1903-1982  |4 rev  |9 37645 
852 |a Slovenská národná knižnica v Martine  |b 10000  |h SD 36655 
852 |a Slovenská národná knižnica v Martine  |b 10000  |h SD 36655 D1 
919 |a viaz. 
958 |a LX 
958 |a TL 
958 |a RK 
958 |a NB 
958 |a OND 
999 |c 1101621  |d 1103551 
952 |a SNK  |b SNK  |y VYP  |7 0  |p 17A0033513  |o snkSD 36655 D1  |i snkKSP 1680/70  |0 0  |1 0  |4 0  |d 1997-01-30  |l 0  |r 2005-01-02 00:00:00  |w 2026-02-24 
952 |a SNK  |b SNK  |y PREZ  |7 0  |p 17A0060628  |o snkSD 36655  |i snkkSP 1679/70  |0 0  |1 0  |4 0  |d 1997-04-14  |l 0  |r 2005-01-02 00:00:00  |w 2026-02-24 
952 |t snkBRT 885.4  |a SNKUST  |b SNKUST  |y PREZ  |7 0  |p 17A0113082  |o snkSD 36655 D2   |i snkK 1520/70  |0 0  |1 0  |4 0  |d 1998-01-29  |l 0  |r 2025-04-28 00:00:00  |w 2026-02-24